Observations on the Neilgherries : (Record no. 656366)

MARC details
000 -LEADER
fixed length control field 01292nam a2200325 a 4500
001 - CONTROL NUMBER
control field vtls000811929
003 - CONTROL NUMBER IDENTIFIER
control field NLI
005 - DATE AND TIME OF LATEST TRANSACTION
control field 20210627053858.0
008 - FIXED-LENGTH DATA ELEMENTS--GENERAL INFORMATION
fixed length control field 110331s1834 ii b 000 0 eng
039 #9 - LEVEL OF BIBLIOGRAPHIC CONTROL AND CODING DETAIL [OBSOLETE]
-- 201103311709
-- Datasoft
040 0# - CATALOGING SOURCE
Original cataloging agency NLI
Language of cataloging eng
Transcribing agency Retro_DSC 1
Description conventions AACR2
041 0# - LANGUAGE CODE
Language code of text/sound track or separate title eng
044 ## - COUNTRY OF PUBLISHING/PRODUCING ENTITY CODE
MARC country code ii
082 04 - DEWEY DECIMAL CLASSIFICATION NUMBER
Classification number 915.48
100 1# - MAIN ENTRY--PERSONAL NAME
Personal name Baikie, R.
Fuller form of name (Robert)
9 (RLIN) 777066
245 10 - TITLE STATEMENT
Title Observations on the Neilgherries :
Remainder of title including an account of their topography, climate, soil, & productions and of the effects of the climate on the European constitution . /
Statement of responsibility, etc. by R. Baikie ; edited by W. H. Smoult, esq
260 ## - PUBLICATION, DISTRIBUTION, ETC.
Place of publication, distribution, etc. Calcutta :
Name of publisher, distributor, etc. Printed at the Baptist Mission Press,
Date of publication, distribution, etc. 1834
300 ## - PHYSICAL DESCRIPTION
Extent xiv, 136 p. :
Other physical details maps ;
Dimensions 25 cm.
500 ## - GENERAL NOTE
General note "A list of plants gathered in the Neilgherries, particularly in the environs of Ootacamund. By the Rev. Mr. Schmid" : p. 129-136
650 #0 - SUBJECT ADDED ENTRY--TOPICAL TERM
Topical term or geographic name entry element Botany
Geographic subdivision India
-- Nilgiri Hills
9 (RLIN) 777067
651 #0 - SUBJECT ADDED ENTRY--GEOGRAPHIC NAME
Geographic name Nilgiri Hills (India)
9 (RLIN) 777068
700 1# - ADDED ENTRY--PERSONAL NAME
Personal name Smoult, W. H.
Fuller form of name (William Hunter),
Relationship edt
9 (RLIN) 777069
710 2# - ADDED ENTRY--CORPORATE NAME
Corporate name or jurisdiction name as entry element Asutosh Collection (National Library, India)
9 (RLIN) 777070
887 ## - NON-MARC INFORMATION FIELD
Content of non-MARC field
901 ## - LOCAL DATA ELEMENT A, LDA (RLIN)
a 6186
b 06.08.1954
902 ## - LOCAL DATA ELEMENT B, LDB (RLIN)
a A.C 915.48 B 1
949 ## - LOCAL PROCESSING INFORMATION (OCLC)
-- VIRTUAITEM
-- 10000
-- 100
6 GAC000006186ENG
942 ## - ADDED ENTRY ELEMENTS (KOHA)
Source of classification or shelving scheme Dewey Decimal Classification
Koha item type Books
Holdings
Withdrawn status Lost status Damaged status Not for loan Collection code Home library Current library Shelving location Date acquired Total Checkouts Full call number Barcode Date last seen Price effective from Koha item type
          National Library of India National Library of India       A.C 915.48 B 1 GAC000006186ENG 27/06/2021 27/06/2021 Books
                                                                           
web counter

Copyright ©2020 The National Library of India, Govt. of India ↔ Hosted by NVLI, MOC ↔ Technology and Design by National Library of India, Ministry of Culture, Govt. of India